[Event "19th Bangkok Open 2019"]
[Site "Bangkok"]
[Date "2019.04.07"]
[Round "2.8"]
[White "Ly, Moulthun"]
[Black "Sibi Visal R"]
[Result "1-0"]
[WhiteElo "2490"]
[BlackElo "1955"]
[Annotator "RC"]
[PlyCount "83"]
[EventDate "2019.04.06"]
[EventType "swiss"]
[EventCountry "THA"]
[SourceTitle "playchess.com"]
[Source "ChessBase"]
[SourceQuality "1"]
[TimeControl "40/5400+30:1800+30"]

1. e4 {[%emt 0:00:00]} c6 {[%emt 0:00:00]} 2. d4 {[%emt 0:00:45]} d5 {[%emt 0:00:00]} 3. e5 {[%emt 0:00:07]} Bf5 {[%emt 0:00:00]} 4. Nf3 {[%emt 0:00:20]} e6 {[%emt 0:00:00]} 5. Be2 {[%emt 0:00:06]} Nd7 {[%emt 0:00:00]} 6. O-O {[%emt 0:00:22]} Bg6 {[%emt 0:01:12]} 7. c3 {[%emt 0:01:11]} Ne7 {[%emt 0:05:27]} 8. a4 {[%emt 0:01:07]} c5 {[%emt 0:01:13]} 9. dxc5 {[%emt 0:02:18]} Nxc5 {[%emt 0:00:13]} 10. a5 {[%emt 0:00:40]} Nc6 {[%emt 0:03:39]} 11. b4 {[%emt 0:01:24]} Nd7 {[%emt 0:00:32]} 12. a6 {[%emt 0:00:48]} b6 {[%emt 0:02:38]} 13. Bb5 {[%emt 0:06:20]} Rc8 {[%emt 0:01:24]} 14. Qa4 {[%emt 0:00:34]} Qc7 {[%emt 0:04:27]} 15. Bf4 {[%emt 0:05:43]} Be7 {[%emt 0:01:39]} 16. Nbd2 {[%emt 0:01:02]} O-O {[%emt 0:05:29]} 17. Rfe1 {[%emt 0:03:21]} Rfd8 {[%emt 0:07:25]} 18. h3 {[%emt 0:04:23]} Nf8 {[%emt 0:03:58]} 19. Rac1 {[%emt 0:04:41]} h6 {[%emt 0:05:25]} 20. Nb3 {[%emt 0:04:38]} Be4 {[%emt 0:11:10]} 21. Nbd4 {[%emt 0:04:45]} Nxd4 {[%emt 0:03:40]} 22. cxd4 {[%emt 0:04:33]} Qb8 {[%emt 0:00:56]} 23. Nd2 {[%emt 0:00:44]} Bh7 {[%emt 0:08:07]} 24. Bc6 {[%emt 0:08:11]} b5 {[%emt 0:09:52]} 25. Qa5 {[%emt 0:04:57]} Bd3 {[%emt 0:02:41]} 26. Qa3 {[%emt 0:09:24]} Qb6 {[%emt 0:02:54]} 27. Bb7 {[%emt 0:00:39]} Rxc1 {[%emt 0:00:09]} 28. Rxc1 {[%emt 0:00:24]} Bc4 {[%emt 0:02:50]} 29. Be3 {[%emt 0:01:14]} Nd7 {[%emt 0:10:13]} 30. Nb3 {[%emt 0:01:06]} Nb8 {[%emt 0:04:39]} 31. Nc5 {[%emt 0:00:23]} Nc6 {[%emt 0:01:40]} 32. Qb2 {[%emt 0:07:14]} Qc7 {[%emt 0:00:26]} 33. f4 {[%emt 0:07:18]} Rb8 {[%emt 0:01:02]} 34. Ra1 {[%emt 0:02:38]} Nd8 {[%emt 0:00:25]} 35. Ra3 {[%emt 0:02:47]} Bxc5 {[%emt 0:00:32]} 36. dxc5 {[%emt 0:00:17]} Nxb7 {[%emt 0:00:53]} 37. axb7 {[%emt 0:00:08]} Qxb7 {[%emt 0:00:21]} 38. Bd4 {[%emt 0:01:20]} a6 {[%emt 0:00:35]} 39. Qf2 {[%emt 0:03:49]} Rc8 {[%emt 0:00:50]} 40. Qh4 {[%emt 0:00:00]} Qc6 {[%emt 0:00:00]} 41. Rg3 {[%emt 0:04:50]} g6 {[%emt 0:08:36]} 42. f5 {[%emt 0:08:40]} 1-0

[Event "19th Bangkok Open 2019"]
[Site "Bangkok"]
[Date "2019.04.07"]
[Round "2.9"]
[White "Savige, Colin B"]
[Black "Swapnil, S. Dhopade"]
[Result "1-0"]
[WhiteElo "1952"]
[BlackElo "2488"]
[Annotator "ChessBase"]
[PlyCount "122"]
[EventDate "2019.04.06"]
[EventType "swiss"]
[EventCountry "THA"]
[SourceTitle "playchess.com"]
[Source "ChessBase"]
[SourceQuality "1"]
[TimeControl "40/5400+30:1800+30"]

1. e4 {[%emt 0:00:00]} c6 {[%emt 0:01:54]} 2. Nf3 {[%emt 0:00:25]} d5 {[%emt 0:00:07]} 3. Nc3 {[%emt 0:00:07]} Nf6 {[%emt 0:00:29]} 4. e5 {[%emt 0:01:28]} Ne4 {[%emt 0:00:08]} 5. Qe2 {[%emt 0:05:06]} Nxc3 {[%emt 0:01:02]} 6. bxc3 {[%emt 0:00:20]} e6 {[%emt 0:01:04]} 7. d4 {[%emt 0:00:35]} c5 {[%emt 0:03:45]} 8. h4 {[%emt 0:01:11]} Nc6 {[%emt 0:01:16]} 9. h5 {[%emt 0:08:16]} h6 {[%emt 0:03:40]} 10. g3 {[%emt 0:05:15]} Qa5 {[%emt 0:02:25]} 11. Bd2 {[%emt 0:19:31]} Qa4 {[%emt 0:01:42]} 12. Be3 {[%emt 0:11:34]} Qa3 {[%emt 0:00:58]} 13. Kd2 {[%emt 0:12:16]} c4 {[%emt 0:05:45]} 14. Qd1 {[%emt 0:10:32]} Nb8 {[%emt 0:07:33]} 15. Qc1 {[%emt 0:00:55]} Qa5 {[%emt 0:00:14]} 16. a3 {[%emt 0:00:05]} Nd7 {[%emt 0:00:49]} 17. Ng1 {[%emt 0:00:14]} Nb6 {[%emt 0:00:44]} 18. Ne2 {[%emt 0:00:10]} Na4 {[%emt 0:00:18]} 19. Ke1 {[%emt 0:00:18]} Bd7 {[%emt 0:16:28]} 20. Bd2 {[%emt 0:03:37]} O-O-O {[%emt 0:02:10]} 21. g4 {[%emt 0:08:35]} Be7 {[%emt 0:12:58]} 22. Rh3 {[%emt 0:00:12]} Kb8 {[%emt 0:03:01]} 23. Bg2 {[%emt 0:00:14]} Rc8 {[%emt 0:00:30]} 24. Kf1 {[%emt 0:00:30]} Rc6 {[%emt 0:00:06]} 25. f4 {[%emt 0:04:11]} Ra6 {[%emt 0:01:26]} 26. Rf3 {[%emt 0:01:25]} Nb6 {[%emt 0:23:58]} 27. Qd1 {[%emt 0:01:53]} Qb5 {[%emt 0:00:36]} 28. Bc1 {[%emt 0:02:21]} g6 {[%emt 0:02:03]} 29. Ng3 {[%emt 0:00:23]} Bh4 {[%emt 0:00:56]} 30. Bh3 {[%emt 0:01:12]} Rg8 {[%emt 0:00:59]} 31. Kg2 {[%emt 0:00:21]} Nc8 {[%emt 0:00:59]} 32. hxg6 {[%emt 0:00:26]} fxg6 {[%emt 0:00:34]} 33. Ne2 {[%emt 0:00:16]} Bd8 {[%emt 0:01:43]} 34. Kf1 {[%emt 0:01:22]} h5 {[%emt 0:00:29]} 35. gxh5 {[%emt 0:00:24]} gxh5 {[%emt 0:00:04]} 36. Rg3 {[%emt 0:00:09]} Rxg3 {[%emt 0:04:22]} 37. Nxg3 {[%emt 0:00:05]} h4 {[%emt 0:00:02]} 38. Nh5 {[%emt 0:00:28]} Qa5 {[%emt 0:00:44]} 39. Bd2 {[%emt 0:00:14]} Be7 {[%emt 0:00:28]} 40. Qg4 {[%emt 0:00:00]} Qd8 {[%emt 0:00:00]} 41. Be1 {[%emt 0:05:57]} Be8 {[%emt 0:10:32]} 42. Nf6 {[%emt 0:09:21]} Bxf6 {[%emt 0:00:35]} 43. exf6 {[%emt 0:00:04]} Qxf6 {[%emt 0:00:04]} 44. Bxh4 {[%emt 0:01:13]} Qg6 {[%emt 0:16:59]} 45. f5 {[%emt 0:03:22]} exf5 {[%emt 0:01:48]} 46. Qxf5 {[%emt 0:00:06]} Nd6 {[%emt 0:03:20]} 47. Qxd5 {[%emt 0:13:07]} Qxc2 {[%emt 0:00:04]} 48. Qf3 {[%emt 0:00:18]} Rb6 {[%emt 0:01:37]} 49. Re1 {[%emt 0:00:36]} Rb1 {[%emt 0:00:30]} 50. Bg2 {[%emt 0:02:13]} Rxe1+ {[%emt 0:00:26]} 51. Bxe1 {[%emt 0:00:02]} Kc7 {[%emt 0:00:34]} 52. Bg3 {[%emt 0:00:13]} Qc1+ {[%emt 0:00:30]} 53. Kf2 {[%emt 0:00:14]} Qc2+ {[%emt 0:00:29]} 54. Kg1 {[%emt 0:00:12]} Bc6 {[%emt 0:00:08]} 55. d5 {[%emt 0:00:44]} Qc1+ {[%emt 0:00:09]} 56. Kh2 {[%emt 0:00:28]} Qh6+ {[%emt 0:00:07]} 57. Kg1 {[%emt 0:00:08]} Qc1+ {[%emt 0:00:29]} 58. Bf1 {[%emt 0:01:02]} Bd7 {[%emt 0:00:32]} 59. Qf6 {[%emt 0:01:05]} Qe3+ {[%emt 0:00:21]} 60. Qf2 {[%emt 0:00:44]} Qxf2+ {[%emt 0:01:16]} 61. Kxf2 {[%emt 0:00:07]} Bf5 {[%emt 0:01:31]} 1-0

[Event "19th Bangkok Open 2019"]
[Site "Bangkok"]
[Date "2019.04.07"]
[Round "2.10"]
[White "Tantipura, Noppakorn"]
[Black "Kunte, Abhijit"]
[Result "0-1"]
[WhiteElo "1945"]
[BlackElo "2485"]
[Annotator "ChessBase"]
[PlyCount "83"]
[EventDate "2019.04.06"]
[EventType "swiss"]
[EventCountry "THA"]
[SourceTitle "playchess.com"]
[Source "ChessBase"]
[SourceQuality "1"]
[TimeControl "40/5400+30:1800+30"]

1. e4 {[%emt 0:00:00]} c5 {[%emt 0:01:48]} 2. Nf3 {[%emt 0:00:00]} e6 {[%emt 0:01:06]} 3. d4 {[%emt 0:01:44]} cxd4 {[%emt 0:00:09]} 4. Nxd4 {[%emt 0:00:08]} a6 {[%emt 0:00:12]} 5. Nc3 {[%emt 0:01:01]} Qc7 {[%emt 0:00:18]} 6. Bd3 {[%emt 0:02:04]} b5 {[%emt 0:05:49]} 7. a3 {[%emt 0:05:00]} Bb7 {[%emt 0:04:21]} 8. O-O {[%emt 0:00:53]} Nf6 {[%emt 0:02:41]} 9. Qe2 {[%emt 0:09:47]} Bc5 {[%emt 0:09:57]} 10. Be3 {[%emt 0:04:36]} Qb6 {[%emt 0:05:11]} 11. Nf3 {[%emt 0:18:53]} Bxe3 {[%emt 0:03:39]} 12. fxe3 {[%emt 0:00:18]} Nc6 {[%emt 0:03:36]} 13. Rae1 {[%emt 0:04:33]} Qc7 {[%emt 0:04:21]} 14. Qf2 {[%emt 0:03:11]} Ng4 {[%emt 0:04:38]} 15. Qh4 {[%emt 0:01:04]} Nge5 {[%emt 0:00:08]} 16. Qg3 {[%emt 0:03:05]} O-O {[%emt 0:03:35]} 17. Rd1 {[%emt 0:04:32]} Rac8 {[%emt 0:01:05]} 18. Ne2 {[%emt 0:03:37]} Nxf3+ {[%emt 0:04:01]} 19. gxf3 {[%emt 0:01:17]} Qxg3+ {[%emt 0:00:09]} 20. hxg3 {[%emt 0:01:03]} Ne5 {[%emt 0:00:14]} 21. Nd4 {[%emt 0:06:16]} f6 {[%emt 0:00:52]} 22. Rd2 {[%emt 0:03:07]} Kf7 {[%emt 0:01:27]} 23. Kf2 {[%emt 0:01:20]} Ke7 {[%emt 0:00:37]} 24. Rfd1 {[%emt 0:05:56]} Rc7 {[%emt 0:01:42]} 25. Be2 {[%emt 0:02:57]} g6 {[%emt 0:04:56]} 26. c3 {[%emt 0:02:02]} h5 {[%emt 0:01:55]} 27. Ra1 {[%emt 0:02:50]} Rh8 {[%emt 0:06:44]} 28. a4 {[%emt 0:06:21]} Nc4 {[%emt 0:00:19]} 29. Bxc4 {[%emt 0:01:13]} bxc4 {[%emt 0:00:07]} 30. Kg2 {[%emt 0:01:43]} Rc5 {[%emt 0:04:51]} 31. Nc2 {[%emt 0:02:11]} g5 {[%emt 0:03:43]} 32. Rd4 {[%emt 0:01:57]} Rhc8 {[%emt 0:05:46]} 33. Rh1 {[%emt 0:00:46]} g4 {[%emt 0:00:10]} 34. Rhd1 {[%emt 0:00:58]} R8c7 {[%emt 0:00:25]} 35. Na3 {[%emt 0:00:36]} f5 {[%emt 0:01:03]} 36. fxg4 {[%emt 0:00:29]} hxg4 {[%emt 0:00:13]} 37. Kf2 {[%emt 0:00:31]} Bxe4 {[%emt 0:00:10]} 38. Nb1 {[%emt 0:00:30]} Rb7 {[%emt 0:03:36]} 39. R4d2 {[%emt 0:00:29]} d5 {[%emt 0:00:20]} 40. Kg1 {[%emt 0:00:00]} Rc8 {[%emt 0:00:00]} 41. Rh2 {[%emt 0:01:02]} Rcb8 {[%emt 0:01:08]} 42. Rh7+ {[%emt 0:05:45]} 0-1

[Event "19th Bangkok Open 2019"]
[Site "Bangkok"]
[Date "2019.04.07"]
[Round "2.11"]
[White "Lou, Yiping"]
[Black "Tobor, Mick"]
[Result "1-0"]
[WhiteElo "2482"]
[BlackElo "1949"]
[Annotator "RC"]
[PlyCount "66"]
[EventDate "2019.04.06"]
[EventType "swiss"]
[EventCountry "THA"]
[SourceTitle "playchess.com"]
[Source "ChessBase"]
[SourceQuality "1"]
[TimeControl "40/5400+30:1800+30"]

1. e4 {[%emt 0:02:48]} c5 {[%emt 0:00:00]} 2. Nf3 {[%emt 0:00:08]} d6 {[%emt 0:00:00]} 3. d4 {[%emt 0:00:05]} cxd4 {[%emt 0:00:00]} 4. Nxd4 {[%emt 0:00:02]} Nf6 {[%emt 0:00:11]} 5. Nc3 {[%emt 0:00:05]} a6 {[%emt 0:00:12]} 6. h3 {[%emt 0:00:07]} e5 {[%emt 0:01:00]} 7. Nde2 {[%emt 0:00:10]} Be6 {[%emt 0:02:20]} 8. g4 {[%emt 0:01:30]} Be7 {[%emt 0:12:44]} 9. g5 {[%emt 0:00:47]} Nh5 {[%emt 0:03:14]} 10. h4 {[%emt 0:00:28]} Nd7 {[%emt 0:05:56]} 11. Bg2 {[%emt 0:01:57]} O-O {[%emt 0:22:57]} 12. Bf3 {[%emt 0:02:02]} Nf4 {[%emt 0:00:26]} 13. Nxf4 {[%emt 0:00:36]} exf4 {[%emt 0:00:07]} 14. Bxf4 {[%emt 0:00:29]} Ne5 {[%emt 0:02:43]} 15. Be2 {[%emt 0:04:01]} Qb6 {[%emt 0:02:38]} 16. Rb1 {[%emt 0:03:42]} Qc6 {[%emt 0:03:35]} 17. Be3 {[%emt 0:14:40]} Rac8 {[%emt 0:05:14]} 18. f4 {[%emt 0:08:23]} Nc4 {[%emt 0:02:06]} 19. Bd4 {[%emt 0:01:32]} f5 {[%emt 0:05:15]} 20. Bf3 {[%emt 0:01:23]} fxe4 {[%emt 0:00:57]} 21. Bxe4 {[%emt 0:00:21]} d5 {[%emt 0:00:24]} 22. Bxh7+ {[%emt 0:00:39]} Kxh7 {[%emt 0:00:44]} 23. Qh5+ {[%emt 0:00:19]} Kg8 {[%emt 0:00:14]} 24. g6 {[%emt 0:00:20]} Rf6 {[%emt 0:01:04]} 25. f5 {[%emt 0:07:59]} Rxf5 {[%emt 0:05:38]} 26. Qh7+ {[%emt 0:02:29]} Kf8 {[%emt 0:00:08]} 27. Qh8+ {[%emt 0:00:40]} Bg8 {[%emt 0:00:20]} 28. Qxg7+ {[%emt 0:00:08]} Ke8 {[%emt 0:00:16]} 29. Qxg8+ {[%emt 0:00:42]} Kd7 {[%emt 0:00:33]} 30. Qg7 {[%emt 0:02:08]} Qe6+ {[%emt 0:00:49]} 31. Kd1 {[%emt 0:01:04]} Rcf8 {[%emt 0:03:56]} 32. Re1 {[%emt 0:13:10]} Rf1 {[%emt 0:00:41]} 33. Ne2 {[%emt 0:00:23]} Qf5 {[%emt 0:06:16]} 1-0

[Event "19th Bangkok Open 2019"]
[Site "Bangkok"]
[Date "2019.04.07"]
[Round "2.12"]
[White "Nguyen, Le Minh Phu"]
[Black "Horvath, Jozsef"]
[Result "0-1"]
[WhiteElo "1934"]
[BlackElo "2479"]
[Annotator "ChessBase"]
[PlyCount "96"]
[EventDate "2019.04.06"]
[EventType "swiss"]
[EventCountry "THA"]
[SourceTitle "playchess.com"]
[Source "ChessBase"]
[SourceQuality "1"]
[TimeControl "40/5400+30:1800+30"]

1. d4 {[%emt 0:00:00]} Nf6 {[%emt 0:05:20]} 2. c4 {[%emt 0:00:00]} g6 {[%emt 0:00:10]} 3. Nc3 {[%emt 0:00:00]} d5 {[%emt 0:00:25]} 4. cxd5 {[%emt 0:00:02]} Nxd5 {[%emt 0:00:08]} 5. e4 {[%emt 0:00:19]} Nxc3 {[%emt 0:00:11]} 6. bxc3 {[%emt 0:00:10]} Bg7 {[%emt 0:00:04]} 7. Be3 {[%emt 0:00:30]} c5 {[%emt 0:00:29]} 8. Nf3 {[%emt 0:00:42]} Bg4 {[%emt 0:00:29]} 9. Rc1 {[%emt 0:05:06]} O-O {[%emt 0:03:24]} 10. Be2 {[%emt 0:04:33]} Qa5 {[%emt 0:01:56]} 11. Qd2 {[%emt 0:00:21]} e6 {[%emt 0:23:12]} 12. O-O {[%emt 0:20:58]} cxd4 {[%emt 0:15:20]} 13. cxd4 {[%emt 0:01:23]} Qxd2 {[%emt 0:02:50]} 14. Bxd2 {[%emt 0:00:18]} Bxf3 {[%emt 0:04:06]} 15. Bxf3 {[%emt 0:00:39]} Bxd4 {[%emt 0:00:43]} 16. Bb4 {[%emt 0:00:37]} Rd8 {[%emt 0:04:14]} 17. e5 {[%emt 0:02:11]} Nc6 {[%emt 0:07:47]} 18. Bxc6 {[%emt 0:01:21]} bxc6 {[%emt 0:00:01]} 19. Bd6 {[%emt 0:00:03]} c5 {[%emt 0:00:58]} 20. Rc4 {[%emt 0:02:08]} f6 {[%emt 0:05:20]} 21. Be7 {[%emt 0:03:09]} fxe5 {[%emt 0:01:19]} 22. Bxd8 {[%emt 0:00:25]} Rxd8 {[%emt 0:00:01]} 23. Rb1 {[%emt 0:02:10]} Rd7 {[%emt 0:04:41]} 24. a4 {[%emt 0:01:20]} Kf7 {[%emt 0:01:46]} 25. a5 {[%emt 0:05:24]} Ke7 {[%emt 0:00:23]} 26. Rcc1 {[%emt 0:00:31]} Kd6 {[%emt 0:00:32]} 27. a6 {[%emt 0:10:33]} Kc6 {[%emt 0:00:43]} 28. Rb8 {[%emt 0:00:42]} Rf7 {[%emt 0:09:15]} 29. Rc2 {[%emt 0:01:28]} e4 {[%emt 0:00:52]} 30. Re2 {[%emt 0:01:28]} e5 {[%emt 0:02:06]} 31. g3 {[%emt 0:01:47]} c4 {[%emt 0:01:07]} 32. Rxe4 {[%emt 0:00:56]} Bxf2+ {[%emt 0:00:21]} 33. Kg2 {[%emt 0:00:46]} Bd4 {[%emt 0:00:17]} 34. Re2 {[%emt 0:00:51]} c3 {[%emt 0:00:34]} 35. h4 {[%emt 0:03:09]} h5 {[%emt 0:01:08]} 36. Rg8 {[%emt 0:05:51]} Rf6 {[%emt 0:00:24]} 37. g4 {[%emt 0:01:38]} hxg4 {[%emt 0:01:36]} 38. Kg3 {[%emt 0:00:53]} Kd5 {[%emt 0:00:27]} 39. Kxg4 {[%emt 0:03:35]} Rxa6 {[%emt 0:00:18]} 40. Kg5 {[%emt 0:00:00]} Kc4 {[%emt 0:00:00]} 41. Rf8 {[%emt 0:09:26]} Kd3 {[%emt 0:02:12]} 42. Rg2 {[%emt 0:00:52]} c2 {[%emt 0:05:02]} 43. Rg3+ {[%emt 0:06:10]} Be3+ {[%emt 0:00:37]} 44. Rxe3+ {[%emt 0:00:24]} Kxe3 {[%emt 0:00:02]} 45. Rc8 {[%emt 0:00:45]} Kd2 {[%emt 0:00:34]} 46. Rd8+ {[%emt 0:00:20]} Kc1 {[%emt 0:00:12]} 47. Rd5 {[%emt 0:00:19]} Kb2 {[%emt 0:02:10]} 48. Rb5+ {[%emt 0:00:24]} Kc3 {[%emt 0:00:23]} 0-1

[Event "19th Bangkok Open 2019"]
[Site "Bangkok"]
[Date "2019.04.08"]
[Round "3.1"]
[White "Deshmukh, Anup"]
[Black "Gustafsson, Jan"]
[Result "0-1"]
[WhiteElo "2253"]
[BlackElo "2633"]
[Annotator "TA"]
[PlyCount "80"]
[EventDate "2019.04.06"]
[EventType "swiss"]
[EventCountry "THA"]
[SourceTitle "playchess.com"]
[Source "ChessBase"]
[SourceQuality "1"]

{[%evp 21,80,0,0,0,0,0,0,0,0,0,0,0,0,-1,12,6,27,28,53,53,49,41,78,85,94,93,94,94,89,41,29,39,137,130,120,123,171,158,158,0,193,186,193,165,192,80,136,54,61,39,58,34,39,33,46,-12,-10,-16,-16,-266,-259]} 1. c4 g6 2. Nc3 c5 3. Nf3 Bg7 4. g3 Nc6 5. Bg2 d6 6. O-O e6 7. e3 Nge7 8. d4 O-O 9. b3 Nf5 {A37: Symmetrical English vs ...g6: 4 Bg2 Bg7 5 Nf3} 10. Ne2 e5 11. dxe5 dxe5 {LiveBook: 4 Games. The position is equal.} 12. Qxd8 Rxd8 13. Ng5 Nfe7 14. Ba3 {[#]} b6 $146 ({Predecessor:} 14... h6 15. Ne4 b6 16. Rad1 Be6 17. N4c3 {½-½ (72) Ris,R (2400)-Brunello,S (2591) Wijk aan Zee 2012}) 15. Rad1 Bg4 16. f3 Bf5 17. Nc3 h6 18. Nge4 Be6 19. Nb5 Rxd1 20. Rxd1 Rc8 21. g4 a6 22. Nbc3 $1 f5 23. gxf5 gxf5 24. Bh3 Rb8 25. Ng3 Kf7 26. Na4 Bf6 (26... f4 $14 27. Bxe6+ Kxe6) 27. Rd6 $16 Bg5 28. Bc1 Rb7 29. Ne4 Rb8 30. Ng3 $2 (30. Bd2 $16) 30... Bc8 $2 (30... Rb7 $1 $11 {and Black is okay.}) 31. f4 $18 exf4 32. exf4 Bf6 33. Bg2 (33. Be3 $18 {and White stays clearly on top.}) 33... b5 {[#]} (33... Bd4+ $142 34. Kf1 Nb4) 34. Bxc6 (34. Bb2 $1 $16 Bxb2 35. Nxb2) 34... Nxc6 $14 35. Nxc5 Nb4 36. Be3 bxc4 37. bxc4 Nxa2 38. Rc6 ({White should play} 38. Nd7 $14 Rb1+ 39. Kg2 Bxd7 40. Rxd7+ Ke6 41. Ra7) 38... Nb4 $11 39. Rc7+ Kg6 {And now ...Bd8 would win.} 40. Ne2 $2 {[#]} (40. Ra7 $11 {and White has nothing to worry.}) 40... Bd8 $1 {Precision: White = 50%, Black = 49%.} 0-1

[Event "19th Bangkok Open 2019"]
[Site "Bangkok"]
[Date "2019.04.08"]
[Round "3.2"]
[White "Varshini, V."]
[Black "Sengupta, Deep"]
[Result "0-1"]
[WhiteElo "2182"]
[BlackElo "2551"]
[Annotator "TA"]
[PlyCount "66"]
[EventDate "2019.04.06"]
[EventType "swiss"]
[EventCountry "THA"]
[SourceTitle "playchess.com"]
[Source "ChessBase"]
[SourceQuality "1"]

{[%evp 16,66,-14,-20,-16,-22,-7,-16,22,1,5,19,15,16,0,0,0,-4,-6,-32,-6,-52,-26,-45,-60,-67,-50,-63,-68,-59,-58,-151,-146,-156,-147,-140,-121,-152,-106,-94,-5,-25,-37,-107,18,-204,-199,-194,-175,-327,-302,-5322,-2547]} 1. e4 e5 2. Nf3 Nc6 3. Bb5 a6 4. Ba4 Nf6 5. Qe2 b5 6. Bb3 Bc5 7. c3 d6 8. O-O O-O 9. Rd1 Bb6 {C77: Ruy Lopez: 3...a6 4 Ba4 Nf6, unusual lines} (9... Qe7 10. d3 Bb6 11. h3 Be6 12. Nbd2 Nh5 13. Nf1 Bxb3 14. axb3 f5 15. exf5 Rxf5 16. Qe4 Qd7 17. Be3 Nf6 {0-1 (40) Olszewski,M (2538)-Shirov,A (2644) Berlin 2018}) 10. d3 Ne7 11. a4 Bb7 $146 {The position is equal.} ({Predecessor:} 11... Be6 12. Bxe6 fxe6 13. Be3 {½-½ (13) Gozzoli,Y (2429)-Rausis,I (2493) Bogny sur Meuse 2004}) 12. Nh4 h6 13. Qf3 Nh7 14. axb5 axb5 15. Rxa8 Bxa8 16. Na3 Qd7 17. Be3 Bxe3 18. fxe3 c5 19. Rf1 {[%cal Rb3f7]} Ng5 $36 {[%mdl 2048] White is under pressure.} 20. Qe2 c4 21. dxc4 bxc4 22. Nxc4 Bxe4 23. Qd1 {[#]} (23. Nd2 $15) 23... Qh3 $1 $17 {[%mdl 512]} 24. Nf3 {[#]} (24. gxh3 Nxh3#) 24... Bxf3 $1 25. gxf3 Nf5 26. Qe2 Rb8 27. Bd1 Qh4 (27... Re8 $17 {Strongly threatening ...Re6.} 28. e4 Nh4) 28. e4 Ne7 29. Nxd6 (29. Kh1 $15) 29... Rb6 (29... Rd8 $17 30. Nb7 Ra8) 30. Nf5 $2 (30. Nc4 $11 {and White stays safe.} Re6 31. Kh1) 30... Nxf5 $19 31. exf5 {[#]} Qf4 $1 {Threatens to win with ...Rd6.} 32. Re1 $2 (32. Kg2) 32... Rd6 ({Not} 32... Qxf5 33. Kh1 $17) 33. Bb3 $2 (33. Qg2) 33... Nxf3+ {[%mdl 64] Double Attack. Accuracy: White = 24%, Black = 51%.} 0-1

[Event "19th Bangkok Open 2019"]
[Site "Bangkok"]
[Date "2019.04.08"]
[Round "3.3"]
[White "Zhao, Zong-Yuan"]
[Black "Sauravh, Khherdekar"]
[Result "1-0"]
[WhiteElo "2529"]
[BlackElo "2247"]
[Annotator "TA"]
[PlyCount "53"]
[EventDate "2019.04.06"]
[EventType "swiss"]
[EventCountry "THA"]
[SourceTitle "playchess.com"]
[Source "ChessBase"]
[SourceQuality "1"]

{[%evp 18,53,59,62,58,50,59,55,86,65,39,50,83,103,143,132,143,155,140,134,147,118,94,133,778,729,975,964,1176,1170,1127,954,1137,950,977,971,972,962]} 1. e4 e6 2. d4 d5 3. Nc3 Nc6 4. e5 f6 5. Bb5 Bd7 6. Nf3 {C10: French with 3 Nc3: Unusual Black 3rd moves and 3...dxe4} Qe7 7. O-O Qf7 8. Re1 O-O-O 9. a3 Nge7 10. b4 {[%cal Bb2b4,Bb4b5][%mdl 32] LiveBook: 3 Games} Ng6 11. Be3 $146 ({Predecessor:} 11. Bd3 fxe5 12. dxe5 Be7 13. b5 {1-0 (30) Nakamura,H (2733)-Nguyen,N (2633) Cap d'Agde 2010}) 11... Be7 {[%cal Rf6e5]} 12. Rb1 fxe5 13. Bxc6 Bxc6 14. b5 $1 {[%cal Rb5c6]} Be8 15. dxe5 d4 16. Nxd4 ({Reject} 16. Bxd4 Rf8 $11) 16... Bc5 17. Ne4 $36 {[%mdl 2048] Black is under strong pressure.} Bxd4 18. Bxd4 Nh4 {Threatening ...Qg6.} 19. c3 {[%cal Bc2c3,Bc3d4][%mdl 32]} Qg6 {[%csl Gh4][%cal Rg6g2]} 20. Ng3 {aiming for Qa4.} c5 $2 {[%mdl 8192] [#]} (20... h5 $16) 21. Qa4 $1 $18 {[%cal Ra4a7] White is clearly winning.} cxd4 22. Qxa7 {White threatens Qa8+ and mate.} Bf7 23. cxd4 Kd7 24. Qxb7+ Ke8 25. Qc6+ Kf8 26. b6 Be8 27. Qc7 {Precision: White = 88%, Black = 54%.} 1-0